Road to city cool: Urban India is a heat trap, but road orientation, building materials and zone-specific master plans can drastically enhance thermal cormfort (Record no. 524528)

000 -LEADER
fixed length control field 00509nam a22001337a 4500
008 - FIXED-LENGTH DATA ELEMENTS--GENERAL INFORMATION
fixed length control field 231211b ||||| |||| 00| 0 eng d
100 ## - MAIN ENTRY--PERSONAL NAME
Personal name Sareen, R., Singh, M. and Gupta, N.
245 ## - TITLE STATEMENT
Title Road to city cool: Urban India is a heat trap, but road orientation, building materials and zone-specific master plans can drastically enhance thermal cormfort
260 ## - PUBLICATION, DISTRIBUTION, ETC. (IMPRINT)
Place of publication, distribution, etc Down to Earth
300 ## - PHYSICAL DESCRIPTION
Extent 22(7), Aug 16-31, 2023: p.46-47
773 ## - HOST ITEM ENTRY
Main entry heading Down to Earth
906 ## - LOCAL DATA ELEMENT F, LDF (RLIN)
Subject DIP CLIMATE CHANGE
942 ## - ADDED ENTRY ELEMENTS (KOHA)
Item type Articles
Holdings
Withdrawn status Lost status Source of classification or shelving scheme Damaged status Not for loan Permanent location Current location Date acquired Serial Enumeration / chronology Barcode Date last seen Koha item type
          Indian Institute of Public Administration Indian Institute of Public Administration 2023-12-11 22(7), Aug 16-31, 2023: p.46-47 AR130356 2023-12-11 Articles

Powered by Koha